|
|
|
|
| LEADER |
01177nam a2200265 a 4500 |
| 001 |
1210641 |
| 008 |
091205s1998 bg b 001 0 eng d |
| 010 |
|
|
|a 98904545
|
| 020 |
|
|
|a 9840514075
|
| 040 |
|
|
|a DLC
|c DLC
|d DLC
|
| 082 |
0 |
0 |
|a 338.1/6/095492
|2 21
|
| 100 |
1 |
|
|a Banik, Arindam.
|
| 245 |
1 |
0 |
|a New technology and land elevations :
|b small farms in Bangladesh /
|c Arindam Banik.
|
| 260 |
|
|
|a Dhaka :
|b University Press,
|c 1998.
|
| 300 |
|
|
|a xv, 126 p. ;
|c 21 cm.
|
| 504 |
|
|
|a Includes bibliographical references (p. [107]-119) and index.
|
| 541 |
1 |
|
|e 00006294
|
| 650 |
|
0 |
|a Agricultural productivity
|z Bangladesh.
|
| 650 |
|
0 |
|a Green Revolution
|z Bangladesh.
|
| 650 |
|
0 |
|a Agriculture
|x Economic aspects
|z Bangladesh.
|
| 650 |
|
0 |
|a Farms, Size of
|z Bangladesh.
|
| 852 |
4 |
|
|a Ayesha Abed Library
|j General Shelf.
|
| 999 |
|
|
|c 6018
|d 6018
|
| 952 |
|
|
|0 0
|1 0
|2 ddc
|4 0
|6 338_160954920000000_BAN_1998
|7 0
|9 6003
|a BRACUL
|b BRACUL
|c GEN
|d 2009-12-07
|g 320.00
|l 0
|o 338.16095492 BAN
|p 3010006294
|r 2009-12-07
|t 1
|v 640.00
|w 2009-12-07
|y BK
|
| 952 |
|
|
|0 0
|1 0
|2 ddc
|4 0
|6 338_100000000000000_6_095492_BAN
|7 0
|9 43209
|a SCL
|b SCL
|c GEN
|d 1998-11-23
|g 320.00
|l 0
|o 338.16095492 BAN
|p 3020000966
|r 2014-07-16
|t 2
|w 2014-07-16
|y BK
|